Lun yu zhu shu.
Saved in:
| Main Author: | |
|---|---|
| Other Authors: | , , |
| Format: | Book |
| Language: | Chinese |
| Published: |
[Japan? :
Shibusawa Eiichi,
1930]
|
| Subjects: | |
| Tags: |
Add Tag
No Tags, Be the first to tag this record!
|
| LEADER | 01614cam a2200421 a 4500 | ||
|---|---|---|---|
| 001 | 007724489-3 | ||
| 005 | 20024617112054.0 | ||
| 008 | 970610s1930 ja 000 0 chi | ||
| 010 | |a 96471238 /AJ | ||
| 035 | 0 | |a ocm37373190 | |
| 040 | |a DLC |c DLC |d OCoLC |d *YNH* |d CStRLIN | ||
| 041 | 0 | |a chieng | |
| 050 | 0 | 0 | |a PL2471.Z6 |b H548 1930 |
| 100 | 1 | |6 880-01 |a He, Yan, |d -249. | |
| 245 | 1 | 0 | |6 880-02 |a Lun yu zhu shu. |
| 246 | 3 | |a Rongo chūso | |
| 246 | 1 | |6 880-03 |i "At head of title on case:" |a Song ben Lun yu zhu shu | |
| 260 | |6 880-04 |a [Japan? : |b Shibusawa Eiichi, |c 1930] | ||
| 300 | |a 20 v. in 10 ; |c 27 cm. | ||
| 500 | |a "Epilogue" translated in English written by Shibusawa Eiichi (1 leaf) inserted at the end of v. 20. | ||
| 500 | |a Title from title piece mounted on cover. | ||
| 500 | |a By Ka An with commentary by Kei Kō. Cf. v. 1, caption t.p. | ||
| 500 | |a Reproduces from mss. copies. of the Sung edition, in possesion of the Kunaichō. | ||
| 500 | |a On double leaves, oriental style; issued in a case. | ||
| 600 | 0 | 0 | |6 880-05 |a Confucius. |t Lun yu. |
| 700 | 1 | |6 880-07 |a Xing, Bing, |d 932-1010. | |
| 700 | 1 | |6 880-08 |a Shibusawa, Eiichi |b 1840-1931. | |
| 700 | 0 | 2 | |6 880-06 |a Confucius. |t Lun yu. |
| 880 | 1 | |6 100-01 |a 何晏 |d -249. | |
| 880 | 1 | 0 | |6 245-02 |a 論語註疏. |
| 880 | 1 | |6 246-03 |i "At head of title on case:" |a 宋本論語註疏 | |
| 880 | |6 260-04 |a [Japan? : |b 澁澤榮一, |c 1930] | ||
| 880 | 0 | 0 | |6 600-05 |a Confucius. |t 論語. |
| 880 | 1 | |6 700-07 |a 邢昺, |d 932-1010. | |
| 880 | 1 | |6 700-08 |a 澁澤榮一, |b 1840-1931. | |
| 880 | 0 | 2 | |6 700-06 |a Confucius. |t 論語. |
| 988 | |a 20021119 | ||
| 906 | |0 DLC | ||


